MARC details
| 000 -LEADER |
| fixed length control field |
01514cam a2200373 a 4500 |
| 001 - CONTROL NUMBER |
| control field |
3896275 |
| 003 - CONTROL NUMBER IDENTIFIER |
| control field |
GZU |
| 005 - DATE AND TIME OF LATEST TRANSACTION |
| control field |
20201202153802.0 |
| 008 - FIXED-LENGTH DATA ELEMENTS--GENERAL INFORMATION |
| fixed length control field |
900703s1989 sz b i000 0 eng |
| 010 ## - LIBRARY OF CONGRESS CONTROL NUMBER |
| LC control number |
90172100 |
| 020 ## - INTERNATIONAL STANDARD BOOK NUMBER |
| International Standard Book Number |
9290144629 : |
| Terms of availability |
30.00F |
| 040 ## - CATALOGING SOURCE |
| Original cataloging agency |
DLC |
| Transcribing agency |
DLC |
| Modifying agency |
DLC |
| 041 1# - LANGUAGE CODE |
| Language code of text/sound track or separate title |
eng |
| Language code of original |
fre |
| 043 ## - GEOGRAPHIC AREA CODE |
| Geographic area code |
n-cn--- |
| -- |
n-us--- |
| 050 00 - LIBRARY OF CONGRESS CALL NUMBER |
| Classification number |
HD5728 |
| Item number |
.FLE 1989 |
| 130 0# - MAIN ENTRY--UNIFORM TITLE |
| Uniform title |
Flexibilité des marchés du travail au Canada et aux Etats-Unis. |
| Language of a work |
English |
| 245 10 - TITLE STATEMENT |
| Title |
Flexibility and labour markets in Canada and the United States / |
| Statement of responsibility, etc. |
Gilles Laflamme ... [et al.], eds. |
| 260 ## - PUBLICATION, DISTRIBUTION, ETC. |
| Place of publication, distribution, etc. |
Geneva : |
| Name of publisher, distributor, etc. |
International Institute for Labour Studies, |
| Date of publication, distribution, etc. |
1989. |
| 300 ## - PHYSICAL DESCRIPTION |
| Extent |
317 p. ; |
| Dimensions |
24 cm. |
| 490 1# - SERIES STATEMENT |
| Series statement |
Research series ; |
| Volume/sequential designation |
94 |
| 500 ## - GENERAL NOTE |
| General note |
Translation of: La Flexibilité des marchés du travail au Canada et aux Etats-Unis. |
| 500 ## - GENERAL NOTE |
| General note |
At head of title: Department of Industrial Relations, Laval University, Quebec. |
| 504 ## - BIBLIOGRAPHY, ETC. NOTE |
| Bibliography, etc. note |
Includes bibliographical references. |
| 650 #0 - SUBJECT ADDED ENTRY--TOPICAL TERM |
| Topical term or geographic name entry element |
Labor market |
| Geographic subdivision |
Canada. |
| 650 #0 - SUBJECT ADDED ENTRY--TOPICAL TERM |
| Topical term or geographic name entry element |
Labor market |
| Geographic subdivision |
United States. |
| 650 #0 - SUBJECT ADDED ENTRY--TOPICAL TERM |
| Topical term or geographic name entry element |
Manpower policy |
| Geographic subdivision |
Canada. |
| 650 #0 - SUBJECT ADDED ENTRY--TOPICAL TERM |
| Topical term or geographic name entry element |
Manpower policy |
| Geographic subdivision |
United States. |
| 700 1# - ADDED ENTRY--PERSONAL NAME |
| Personal name |
Laflamme, Gilles. |
| 710 2# - ADDED ENTRY--CORPORATE NAME |
| Corporate name or jurisdiction name as entry element |
Université Laval. |
| Subordinate unit |
Départment les relations industrielles. |
| 830 #0 - SERIES ADDED ENTRY--UNIFORM TITLE |
| Uniform title |
Research series (International Institute for Labour Studies) ; |
| Volume/sequential designation |
no. 94. |
| 906 ## - LOCAL DATA ELEMENT F, LDF (RLIN) |
| a |
7 |
| b |
cbc |
| c |
orignew |
| d |
2 |
| e |
ncip |
| f |
19 |
| g |
y-gencatlg |
| 942 ## - ADDED ENTRY ELEMENTS (KOHA) |
| Source of classification or shelving scheme |
Library of Congress Classification |
| Koha item type |
Books |
| Classification part |
5728 |
| Item part |
FLE |
| Call number prefix |
HD |